| 000 | 00531cam a2200205ua 4500 | ||
|---|---|---|---|
| 001 | 390 | ||
| 005 | 20260515113146.0 | ||
| 008 | 110331n ii |||gr||||Z||||||eng | ||
| 020 | _a81-207-1560-8 | ||
| 040 | _cMAIN | ||
| 082 | _a327.2 | ||
| 245 | 1 |
_aInternational relations and politics _cby J.C. Johari |
|
| 250 | _a1st. | ||
| 260 |
_aDelhi: _bSterling , _c2004. |
||
| 300 |
_axii, 489p: _c25cm. |
||
| 653 | _aPolitical science | ||
| 653 | _aInternational relations and politics | ||
| 700 |
_aJohari, J.C., _eAuthor. |
||
| 942 | _cBK | ||
| 999 |
_c336 _d336 |
||